| 000 | 00605 a2200145 4500 | ||
|---|---|---|---|
| 001 | 142464 | ||
| 040 | _cLeonardo Da Vinci | ||
| 041 | _aPortuguês | ||
| 082 | _av206 | ||
| 100 | _aCOLÉGIO Leonardo da Vinci - Anglo | ||
| 245 | _aJapão do pós-guerra | ||
| 520 |
_aO vídeo mostra como se processou a restauração de 1945 a 1964 _aTrata do estilo de vida criado pelos próprios japoneses _aFala da questão dos brasileiros que imigram para o Japão atrás de uma vida financeira melhor |
||
| 697 |
_aAnglo _aHistória _aJapão _aO Império da Perfeição _aUm sonho virado do avesso _aGuerra |
||
| 942 | _cVM | ||
| 999 |
_c142464 _d142464 |
||